Statistics for Iron Chef Secret Ingredients

Click here to take the quiz!

General Stats

  • This quiz has been taken 122 times
    (107 since last reset)
  • The average score is 81 of 184

Answer Stats

SeasonSecret Ingredient% Correct
5Blue Foot Chicken
96%
2Chicken
96%
10Silkie Chicken
96%
3American Kobe Beef
93%
4Cowboy Ribeye
93%
2Hamburger
93%
10Mangalista Pig
93%
10Strip Steak
93%
7Suckling Pig
93%
8Chocolate and Chiles
91%
2Pork
87%
8Pork Fat
87%
2Sweet Onion
86%
6Tomato
86%
1Chocolate + Coconut
84%
7Cheddar Cheese
83%
8Blue Cheese
81%
1Potato
81%
9Bell Pepper
80%
9Gruyere Cheese
80%
9Mexican Chocolate
80%
9Mozzarella
80%
5 | 10Parmigiano-Reggiano
80%
8Ricotta
80%
1Cheese
78%
4 | 6 | 7Chocolate
78%
9Chum Salmon
78%
10Cream Cheese
78%
4Garlic
78%
3Goat Cheese
78%
5Milk and Cream
78%
10Sea Whistle Salmon
78%
2Wild Chinook Salmon
78%
2Lamb
75%
9Leg of Lamb
75%
1Duck
72%
5Sugar
72%
7Butter
71%
7Berries
70%
2Shrimp
68%
3Bigeye Tuna
67%
10Canned Tuna
67%
8Skipjack Tuna
67%
3Bacon
65%
10Pasta
65%
6Rice
64%
2Turkey
64%
5Apples
62%
9Canadian Lobster
62%
7Fresh Beans
62%
6Ham
62%
3Lobster
62%
7Alaskan King Crab
61%
10Bread
61%
7Coconut
61%
1Crab
61%
3Dungeness Crab
61%
3Chicken Eggs
59%
10Eggs
59%
5Carrots
57%
6Corn
57%
7Pineapple
55%
9Cucumber
54%
1Mushrooms
54%
8Grapes
52%
9Sparkling Wine
52%
7Basil
51%
6Olive
51%
8Pacific Cod
51%
8Broccoli
49%
8Lemons
49%
3Frozen Peas
48%
6Spinach
48%
4Goat
46%
4Mango
46%
1Squash
46%
7Bananas
45%
7 | 10Octopus
45%
8Veal
45%
2Clams
43%
3Venison
43%
7Beer
42%
10Brook Trout
42%
6Coffee
42%
3Cranberries
42%
9Hot Dogs
42%
7Offal
42%
3Squid
42%
6Zucchini
42%
4Peanuts
41%
3Andouille
39%
7Cabbage
39%
10Peaches
39%
10Sausage
39%
8Cauliflower
38%
6Melon
38%
8Quail
38%
8Avocado
36%
3Eggplant
36%
3Honey
36%
10Kale
36%
9Radish
36%
4Oysters
35%
7Almonds
33%
6Ginger
33%
8Goose
33%
9Seaweed
33%
4Chiles
32%
1Scallops
32%
3Tofu
32%
2Black Bass
30%
8Papaya
30%
8Yogurt
30%
7Artichoke
29%
7Balsamic Vinegar
29%
1Buffalo
29%
5Halibut
29%
9Mussels
29%
6Rabbit
29%
3Beets
28%
2Crawfish
28%
10Mint
28%
3Chick Peas
26%
6Curry
26%
2Asparagus
25%
7Cherries
25%
7Pheasant
25%
3Fennel
23%
8Sardines
23%
9Caviar
22%
8Leeks
22%
3Ostrich
22%
2 | 10Tilapia
22%
1Catfish
20%
6Snails
20%
3 | 10Wild Boar
20%
7Dorade
19%
8Mahi-Mahi
19%
8Tongue and Cheek
19%
9Passion Fruit
17%
9Short Ribs
17%
8Figs
16%
9Okra
16%
10Yak
16%
8Mackerel
14%
7Maple Syrup
14%
10Plantains
14%
8Truffles
14%
10Haddock
13%
3Lentils
13%
8Prosciutto
13%
6Elk
12%
8Uni
12%
5Arctic Char
10%
9Hawaiian Snapper
10%
10Tortillas and Tequila
10%
2Pizza Dough
9%
8Barracuda
7%
3Barramundi
7%
8Bourbon
7%
8Oatmeal
7%
3Puff Pastry
7%
7Sturgeon
7%
6Cobia
6%
10Fruitcake
6%
6Langoustine
6%
4Sablefish
6%
7Eggnog
4%
5Kampachi
4%
5Opah
4%
10Paiche
4%
7Redfish
4%
7Skirt Steak
4%
9Wreckfish
4%
6Blackfish
3%
7Branzino
3%
8Hawaiian Moi
3%
8Wahoo
3%

Score Distribution

Percentile by Number Answered

Percent of People with Each Score

Your Score History

You have not taken this quiz since the last reset